Clic - Les BD historiques (1) - Statistiques

Statistiques générales
  • Ce quiz a été pris 52 fois
  • Le résultat moyen est 22 sur 50
Statistiques - réponses
Hint Réponse % Correct
24 heures du (...) Mans
89%
Les aventures d'(...) Aline
74%
Les (...) bleues tuniques
74%
L'âge de (...) bronze
68%
L'(...) Des pilotes de légende Aéropostale
63%
Le trône d'(...) argile
63%
Révolutions, quand l'histoire de France a (...) basculé
63%
Les grandes (...) de chars batailles
63%
Les (...) de Compostelle chemins
63%
Les (...) de la Libération compagnons
63%
Ah, ça (...) ira
63%
Les sept vies de l'(...) épervier
58%
Nicolas (...) Le Floch
58%
1940 - Et si la (...) avait continué la guerre France
53%
Les grandes (...) vacances grandes
53%
Les Frères (...) Rubinstein
53%
Alix (...) Senator
53%
Airborne (...) 44
47%
La cour des (...) miracles
47%
L'(...) des fous or
47%
Les grands (...) de l'histoire personnages
47%
Les Aigles de (...) Rome
47%
U. (...) 47
42%
Alix, les (...) aventures
42%
Le courrier de (...) Casablanca
42%
(...) de sang Ennemis
42%
Ils ont fait l' (...) histoire
42%
Le petit théâtre des (...) opérations
42%
(...) du rail Combattants
37%
Les pêcheurs d'(...) étoiles
37%
Trains de (...) légende
37%
Les enfants de la (...) Resistance
37%
Reines de (...) sang
37%
La (...) de l'Exposition universelle fille
32%
(...) de guerre Machines
32%
Les (...) du Nouveau monde pionniers
32%
Moi, (...), compagnon d'Hasting Svein
32%
Les (...) décapitées aigles
26%
Les (...) du Rio de la Plata colons
26%
L'(...) de César espion
26%
Malouines, le ciel appartient aux (...) faucons
26%
Algérie, une (...) française guerre
26%
L'(...) de l'année homme
26%
L'or des (...) marées
26%
Les aventures de (...) reporter photographe Boro
21%
Les chasseurs d'(...) écume
21%
Escadrille (...) Normandie-Niemen
21%
Ciel sans (...) pilote
21%
Le lion de (...) Judah
16%
La guerre des (...) Lulus
5%
Aucun quiz correspondant
Distribution des résultats
% des personnes avec chaque résultat
Percentile par nombre de réponses
Votre historique - résultats
Vous n’avez pas pris ce quiz